[Event "ICS rated blitz match"]
[Site "207.99.83.227"]
[Date "1999.04.03"]
[Round "?"]
[White "nimraz"]
[Black "Hossa"]
[Result "0-1"]
[WhiteElo "2176"]
[BlackElo "2513"]
[Annotator "Fritz 5.32 (15s)"]
[PlyCount "98"]

1. e4 c5 2. Nf3 Nc6 3. Nc3 Nf6 4. d4 (4. Bb5 Nd4 5. e5 Nd5 6. Nxd4 Nxc3 7. dxc3
cxd4 8. Qxd4 a6 9. Bd3 e6 10. O-O Be7 11. Qg4 Kf8 12. Be3 h5 13. Qe4 f5 14.
exf6 gxf6 15. Qg6 {1-0 Tan,D-Hannet,J/Islington ENG 1998 (15)}) 4... cxd4 5.
Nxd4 5... Qa5 $14 (5... a6 6. Bg5 e6 7. Qd2 Be7 8. f3 O-O 9. O-O-O h6 10. Be3
b5 11. g4 Nxd4 12. Bxd4 Bb7 13. h4 Rc8 14. g5 Nh7 15. gxh6 g6 16. h5 Bg5 17. f4
Bxh6 18. hxg6 fxg6 19. Rxh6 Nf6 20. Rxg6+ Kh7 21. f5 21... Ng4 {
1-0 Dream-Suzanne/ICS 1994 (21)}) (5... e5 6. Ndb5 $11) 6. Nb3 Qe5 7. f4 Qe6 (
7... Qb8 8. e5 Ng8 9. Bb5 $14) 8. e5 {Mit der Absicht Nb5} 8... d6 $2 $18 (8...
Ng4 $16 $142) 9. Nb5 $1 {huebsch} 9... Kd8 10. Be2 $4 $14 {vergibt den Vorteil}
(10. N5d4 $142 {und die Waage neigt sich zugunsten von Weiss} 10... Nxd4 11.
Nxd4 $18 (11. Qxd4 $6 11... Nd7 $14)) 10... Nd7 11. exd6 11... exd6 {
Verwehrt dem Gegner c5.} 12. O-O a6 (12... Be7 13. c4 $14) 13. Nc3 13... Nf6
$16 (13... Be7 14. Re1 $14) 14. f5 $14 (14. Re1 14... Qd7 $16) 14... Qd7 15.
Be3 Kc7 16. a4 (16. Bg5 16... Kb8 $14) 16... Kb8 17. a5 Qe7 18. Qd2 18... Ne4
$16 (18... h6 19. Na4 Nd7 20. Nb6 Nxb6 21. axb6 $16) 19. Nxe4 Qxe4 20. Bd3 (20.
Rae1 20... Qe7 $16 (20... Bxf5 $4 {vergiftet...} 21. Bd3 Qa4 22. Bxf5 $18))
20... Qg4 21. h3 Qg3 (21... Qb4 22. Qxb4 Nxb4 23. Rad1 $14) 22. Rf3 (22. Nc5
22... Be7 $16) 22... Qe5 23. c3 {Kontrolliert b4+d4} 23... Qe7 24. Ra4 (24. Re1
Ne5 25. Rf2 25... Qh4 $16) 24... Ne5 25. Rf2 Qe8 26. Rb4 g6 (26... Be7 27. Rd4
$14) 27. f6 27... Nxd3 $16 (27... h6 28. Qe2 Kc7 29. Bb6+ Kb8 30. Bd4 $16) 28.
Qxd3 28... Qe5 $2 $18 (28... Be6 $16 $142) 29. Nc5 {Weiss droht stark Rxb7}
29... Kc7 (29... dxc5 $4 {Schwarz muss den Springer stehen lassen} 30. Bf4 Bd6
31. Bxe5 (31. Qxd6+ Qxd6 32. Bxd6+ Ka7 33. Bxc5+ 33... Kb8 $18) 31... Bxe5 32.
Re4 $18) 30. Re4 (30. Bf4 Qxc5 31. Rc4 31... Qc6 $18) 30... Qh5 31. Bf4 {
Mit der Idee Qc4} 31... Bf5 (31... Kc6 32. Na4 b5 33. axb6 $18) 32. Rd2 (32.
Qc4 Bxe4 33. Qxf7+ Kb8 34. Nd7+ Ka7 35. Be3+ Qc5 36. Nxc5 36... dxc5 $18) 32...
Bxe4 33. Nxe4 (33. Bxd6+ Bxd6 34. Qxd6+ 34... Kc8 $18) 33... Qxa5 $4 {
macht die Sache nur schlimmer.} (33... Rd8 $142 34. Ng5 $1 {macht alles klar}
34... Rd7 35. Nxf7 g5 36. Nxd6 gxf4 37. Qc4+ Kb8 38. Qc8+ Ka7 39. Qxd7 Bxd6 40.
Qxd6 40... Ka8 $18) 34. Bxd6+ Bxd6 35. Qxd6+ ({Schlechter scheint} 35. Nxd6
35... Qc5+ 36. Kh1 36... Rad8 $17) 35... Kc8 36. Rd5 $1 {die Pointe. Droht Matt
} 36... b5 (36... Rd8 {ist vielleicht noch ein Schwindelversuch} 37. Rc5+ $1 {
ein laestiges Schach} 37... Qxc5+ 38. Qxc5+ 38... Kb8 $18) 37. Rc5+ Kb7 38.
Qd7+ $16 (38. Qe7+ Kb8 39. Qe5+ Kb7 40. Nd6+ Kb6 41. Nc4+ Ka7 42. Rc7+ Kb8 43.
Rxf7+ Kc8 44. Nd6+ Kb8 45. Rb7#) 38... Kb8 39. Nd6 $1 {
zementiert den Vorteil. Mit der Mattdrohung Qb7} 39... Qb6 40. Kh1 {
Droht entscheidend Rc6} 40... Rd8 41. Rc8+ Rxc8 42. Qxc8+ Ka7 43. Qd7+ Kb8 44.
b4 $11 (44. Qe8+ Kc7 45. Qxa8 Kxd6 46. Qf8+ Ke5 47. Qe7+ 47... Qe6 $11) 44...
Qc7 45. Qe7 Qc6 46. Kh2 {Weiss droht Nxf7} 46... h5 $4 $18 {vergibt den Vorteil
} (46... Qc7 $11 $142 {war relativ besser}) 47. g3 $4 $11 {
wild schwanken die Waagschalen...} (47. Nxf7 $142 {und nichts geht mehr} 47...
Ra7 48. Ne5 Qxc3 49. Qe8+ Kb7 50. f7 $18) 47... Qf3 $4 {
ein schwacher Zug, der den Gewinn vergibt} (47... h4 $142 {
nur damit konnte man noch auf Rettung hoffen} 48. g4 48... Qb6 $11) 48. Qd8+
Ka7 49. Qc7+ 49... Qb7 {ob er will oder nicht, Schwarz muss Material hergeben}
(49... Qb7 50. Qxb7#) 0-1

[Event "ICS rated blitz match"]
[Site "207.99.83.227"]
[Date "1999.04.03"]
[Round "?"]
[White "Hossa"]
[Black "MITOCAYO"]
[Result "1-0"]
[WhiteElo "2517"]
[BlackElo "2320"]
[Annotator "Fritz 5.32 (15s)"]
[PlyCount "40"]

1. e4 c5 2. Bc4 e6 3. Nc3 Nf6 4. Nf3 Nc6 (4... d5 5. Bb5+ Bd7 6. Bxd7+ Nbxd7 7.
exd5 exd5 8. O-O Be7 9. d4 cxd4 10. Qxd4 O-O 11. Nxd5 Nxd5 12. Qxd5 Qc7 13. c3
Rad8 14. Qd4 b6 15. Bf4 Qc6 16. Qe3 Bc5 17. Nd4 Qg6 18. Qg3 Qe4 19. Rfe1 Qe5
20. Rad1 20... Rfe8 {- Mumba-Domingue/Yerevan 1996 (20)}) 5. O-O Be7 6. e5 $146
(6. d4 cxd4 7. Nxd4 Qc7 8. Ncb5 Qb6 9. Re1 a6 10. Nxc6 Qxc6 11. Nc3 Qxc4 12.
Qf3 12... Qc6 {0-1 Faye,Y-Potter,S/Dubai 1986 (12)} (12... Qc6 13. a3 b5 14. b4
a5 15. Rb1 Bb7 16. e5 Qxf3 17. gxf3 Nh5 18. Nxb5 O-O 19. Rb3 Rfc8 20. bxa5 Bd5
21. Rc3 Rxc3 22. Nxc3 Rxa5 23. Kg2 g6 24. Re2 Bc6 25. Nb1 g5 26. h3 Ng7 27. c3
{Faye,Y-Potter,S/Dubai olm 1986/0-1 (45)})) 6... Ng4 7. Re1 d5 (7... f6 8. exf6
Nxf6 9. d4 $11) 8. exd6 {Weiss hat einen starken Freibauern} 8... Bxd6 9. Bb5
Bd7 10. Ne4 10... Bc7 $16 (10... Be7 $5 $11 $142 {steht zur Diskussion}) 11. h3
Nge5 12. Nxc5 Nxf3+ 13. Qxf3 O-O 14. Nxb7 14... Qb8 $4 {das letzte Eigentor} (
14... Qc8 15. Nc5 $1 {Weiss kommt in Vorteil} 15... Nd4 $16) 15. Bxc6 Bxc6 16.
Qxc6 Rc8 17. Qf3 (17. Qe4 {laesst dem Gegner kaum Chancen} 17... Bb6 $18) 17...
Bb6 (17... a6 {kann das Vorangegangene nicht ungeschehen machen} 18. b4 Ra7 19.
Nc5 Qxb4 20. Ne4 $18) 18. c3 Qc7 19. d4 Rab8 20. Nc5 Qb7 (20... Bxc5 {
bot noch bessere Widerstandsmoeglichkeiten} 21. dxc5 21... Qxc5 $18) 1-0

[Event "ICS rated blitz match"]
[Site "207.99.83.227"]
[Date "1999.04.03"]
[Round "?"]
[White "MITOCAYO"]
[Black "Hossa"]
[Result "0-1"]
[WhiteElo "2312"]
[BlackElo "2525"]
[Annotator "Fritz 5.32 (15s)"]
[PlyCount "96"]

1. e4 d6 2. d4 Nf6 3. Nc3 Nbd7 4. Nf3 e5 5. Bc4 exd4 6. Qxd4 Be7 (6... Nb6 7.
Bg5 Be7 8. O-O-O O-O 9. e5 Ng4 10. Bxe7 Qxe7 11. Rhe1 Nxc4 12. Qxc4 Nxe5 13.
Nxe5 dxe5 14. f4 Be6 15. Rxe5 Rfd8 16. Rxd8+ Rxd8 17. Qe2 h6 18. g3 Qd7 19. b3
b6 20. Kb2 c5 21. h4 {Lyell,M-Rogers,J/4NCL, Birmingham ENG 1998/0-1 (37)}) 7.
Be3 $146 (7. O-O O-O 8. Bg5 c6 (8... Nc5 9. Bxf6 Bxf6 10. e5 Be7 11. Nd5 Bf5
12. Nxe7+ Qxe7 13. exd6 Qxd6 14. Qxd6 cxd6 15. Nd4 Be4 16. b4 d5 17. Bb3 Ne6
18. Rfd1 Rac8 19. Rac1 Nxd4 20. Rxd4 Rc3 21. f3 Bf5 22. Rxd5 Be6 23. Rdd1 {
Plymate 5,5-Chessmaster 2000 A/Dator mOte (1) 1988/1-0 (69)}) 9. Rfe1 Qa5 10.
Qd2 Qc7 11. a4 Ne5 12. Nxe5 dxe5 13. Rad1 Bg4 14. f3 Qb6+ 15. Be3 Qb4 16. Qe2
Qxb2 17. Na2 Bc8 18. Bb3 Qa3 19. Rd3 Kh8 20. Qf2 Nd7 21. Be6 Qb2 22. Bb3 Qa3
23. Be6 Qxa4 24. Nc3 Qa5 25. Bxd7 Bxd7 26. Rxd7 26... Bb4 {
- Fichtl J-Udovcic M/Oberhausen (EU/MM: CSSR-YU) 1961 (26)}) (7. h3 O-O 8. Be3
c6 9. a4 Qa5 10. Bf4 d5 11. exd5 cxd5 12. Bxd5 Nxd5 13. Qxd5 Qb4 14. Qd2 Qxb2
15. Rb1 Qa3 16. Nb5 Qxa4 17. Nc7 Rb8 18. Nd5 Qe4+ 19. Kd1 Bc5 20. Re1 Qc4 21.
Bxb8 21... Nxb8 {Henrich T-Haubt G/2BL 1987/1-0 (53)}) 7... O-O 8. O-O-O (8. h3
8... Nb6 $14) 8... Nb6 $14 (8... Ng4 9. Nd5 $11) 9. Bb3 $11 (9. h3 Nxc4 10.
Qxc4 10... c6 $11) 9... Bg4 $14 (9... Ng4 10. Bf4 $11) 10. Qd3 10... Bxf3 $16 (
10... Nfd7 11. h3 Be6 12. Nd5 $14) 11. gxf3 {Sichert g4} 11... Re8 12. Rhe1
12... Qd7 $2 $18 (12... c6 $14 $142 {und Schwarz kann noch kaempfen}) 13. Bxb6
$1 {Rueckgabe des Materials ist das staerkste. Weiss geht zum Angriff ueber}
13... axb6 ({Schwaecher scheint} 13... cxb6 14. e5 dxe5 15. Qxd7 Nxd7 16. Rxd7
Bg5+ 17. Kb1 $18) 14. e5 Bd8 15. exf6 Rxe1 (15... Bxf6 16. Nd5 Bg5+ 17. f4 $18)
16. Rxe1 Bxf6 17. Qb5 (17. Nd5 $5 {laesst dem Gegner kaum Chancen} 17... Bh4
$18) 17... c6 18. Qxb6 Be5 19. Qe3 Qf5 20. Kb1 h6 21. Ne2 Bxh2 22. f4 Qf6 (
22... Qg4 23. Ng3 $18) 23. Rh1 Qh4 24. c4 (24. Qf3 $5 $142 {
damit wuerde Weiss es sich noch erleichtern} 24... Re8 $18) 24... Rf8 (24... g6
25. Qf3 Ra5 26. c5 $18) 25. Rd1 (25. Qf3 $142 {waere im Gewinnsinne praeziser}
25... Re8 26. Bd1 26... Re6 $18) 25... Rd8 26. Bc2 Kf8 27. Qf3 Rd7 (27... Re8
28. Rh1 $18) 28. Be4 (28. Rh1 $5 $142 {erleichterte Weiss die Gewinnfuehrung}
28... Re7 $18) 28... Kg8 $2 (28... Rd8 $18) 29. Bf5 (29. Rh1 $5 {
und Weiss haette es noch leichter} 29... Re7 $18) 29... Rd8 (29... Re7 {
hilft allerdings auch nicht} 30. Bd3 $18) 30. Bh3 (30. Rh1 $5 $142 {
ginge schneller} 30... Re8 $18) 30... Re8 31. Bd7 (31. Rxd6 $6 31... Rxe2 32.
Qxe2 32... Qxh3 $18) 31... Rd8 32. Rxd6 Qe7 33. Qd3 Qh4 34. Qe3 Qh5 35. c5 Ra8
36. a3 Rb8 37. Bh3 (37. Ng3 {ist genauer} 37... Bxg3 38. fxg3 Qh1+ 39. Ka2
39... Qf1 $18) 37... Kf8 {Schwarz fuehrt die Partie kraftvoll zu Ende} 38. Rd7
$11 (38. Qd3 $142 {und nichts geht mehr} 38... Kg8 39. Rd8+ Rxd8 40. Qxd8+ Kh7
41. Qd7 $18) 38... Re8 39. Qd4 $15 (39. Qb3 Rxe2 40. Ka2 $16) 39... Qxh3 (39...
Rxe2 $4 {den Springer zu nehmen, verliert} 40. Rd8+ Re8 41. Rxe8+ Kxe8 42. Qd7+
Kf8 43. Qd8#) 40. Qd6+ $17 (40. Rxb7 $5 40... Qf5+ 41. Ka1 $11) 40... Kg8 41.
Nd4 $4 $19 (41. Rd8 $142 {war noch moeglich} 41... Qf5+ 42. Kc1 Rxd8 43. Qxd8+
Kh7 44. Qd6 $17) 41... Bxf4 $1 {Rueckgabe des Materials ist das staerkste} 42.
Qxf4 {Droht Matt} 42... Qxd7 43. Qd6 (43. Ka2 {
kann das Vorangegangene nicht ungeschehen machen} 43... Qd8 $19) 43... Qxd6 {
Es droht Matt} 44. cxd6 Re5 (44... Rd8 {ginge schneller} 45. Nb3 $19) 45. b4 (
45. d7 {hilft allerdings auch nicht} 45... Rd5 46. Nb3 46... Kf8 $19) 45... Rd5
46. Nb3 (46. Ne2 {macht keinen grossen Unterschied} 46... Rxd6 47. Kc2 47... h5
$19) 46... Rxd6 47. Nc5 b6 48. Nb7 (48. Na4 {der letzte Widerstandsversuch}
48... b5 49. Nb6 $19) 48... Rd7 (48... Rd7 49. Nc5 49... bxc5 $19) 0-1

[Event "ICS Rated blitz match"]
[Site "207.99.83.227"]
[Date "1999.04.03"]
[Round "?"]
[White "MrJolly"]
[Black "Hossa"]
[Result "1-0"]
[WhiteElo "2545"]
[BlackElo "2532"]
[Annotator "Fritz 5.32 (15s)"]
[PlyCount "79"]

1. d4 Nf6 2. c4 g6 3. Nc3 Bg7 4. e4 d6 5. f3 O-O 6. Be3 e5 7. Nge2 exd4 8. Nxd4
8... Nh5 $146 (8... c6 9. Nc2 (9. Be2 d5 10. exd5 cxd5 11. O-O Nc6 12. c5 Re8
13. Bf2 Nh5 14. Qd2 Be5 15. g3 Ng7 16. Rfe1 Ne6 17. Nxe6 Bxe6 18. f4 Bxc3 19.
bxc3 Bf5 20. Rad1 Be4 21. c4 d4 22. Bxd4 Nxd4 23. Qxd4 Qa5 24. Bf1 Bc6 25. Qf2
Rxe1 26. Rxe1 Rd8 27. f5 Rd2 28. Re2 Rxe2 29. Qxe2 Qxc5+ 30. Qf2 {
- Portisch Lajos-Barczay Laszlo/It, Budapest (Hungary) 1970 (30)}) 9... Re8 10.
Qd2 Be6 11. O-O-O Nfd7 12. Qxd6 Na6 13. Nd4 Qa5 14. Nxe6 Rxe6 15. Qd2 Ndc5 16.
Kb1 Nb4 17. a3 Nb3 18. Qe1 Na6 19. Bd3 Nac5 20. Na2 Qc7 21. Qf2 Qe5 22. Nc3 f5
23. f4 {Ilivitzki Georgi A-Gurgenidze Bukhuti/Ch URS (1/2 final), Erevan
(Armenia) 1955/Inf 01/1-0 (37)}) (8... Nc6 9. Qd2 Re8 10. Be2 Be6 11. O-O Nd7
12. Rac1 Nxd4 13. Bxd4 Ne5 14. b3 c5 15. Be3 Nc6 16. Rfd1 a6 17. Bf1 Qe7 18.
Bf2 Red8 19. Nd5 Bxd5 20. cxd5 Nd4 21. b4 b6 22. Re1 a5 23. bxc5 {
Olafsson,H-Thorfinnsson,B/Hellir, Reykjavic ICL 1997/1-0 (43)}) (8... a6 9. Qd2
c5 10. Nb3 Qb6 11. Be2 Be6 12. e5 dxe5 13. Bxc5 Qc6 14. Bxf8 Bxf8 15. O-O Bxc4
16. Bxc4 Qxc4 17. Rac1 Qh4 18. Qd8 Qh6 19. Ne4 Qe3+ 20. Kh1 Nfd7 21. Rfd1 Nb6
22. Re1 Qh6 23. Qxb6 Nd7 24. Qxb7 Rd8 25. Rcd1 Qh4 26. Rf1 f5 27. Rxd7 {
1-0 Nkemeh D-Diallo M/Olympiad, Salonika (Greece) 1984 (27)}) 9. Be2 Qh4+ (9...
f5 10. O-O $11) 10. Bf2 Qg5 11. g3 {Ueberdeckt f4} 11... Qd8 12. O-O Bh3 13.
Re1 13... Bxd4 $14 (13... Re8 14. Qd2 $11) 14. Qxd4 Ng7 15. Nd5 $11 (15. Rad1
15... Nd7 $14) 15... Nd7 16. Qc3 g5 17. Rad1 17... Be6 $14 (17... f5 18. exf5
Bxf5 19. Bd4 $14) 18. Kg2 (18. c5 c6 19. Nb4 dxc5 20. Bxc5 20... Re8 $14) 18...
f5 19. Bd4 {Weiss erhaelt Koenigsangriff} 19... Ne8 20. exf5 Bxd5 21. cxd5 Rxf5
22. f4 gxf4 (22... Rxd5 $2 {scheitert an} 23. Bc4 c6 24. Qe3 $18) 23. Bg4 Rg5 (
23... f3+ 24. Kf2 Rg5 25. Be6+ Kf8 26. h4 $18) 24. Be6+ Kf8 25. Rf1 Rg6 26. Bh8
Nef6 (26... Qg5 27. Bxd7 Rd8 28. Be6 $18) 27. Rxf4 {
Weiss erhaelt starke Drohungen in der geoeffneten f-Linie} 27... Ke7 28. Bxf6+
Rxf6 (28... Nxf6 29. Rdf1 Ke8 30. Rxf6 Rxf6 31. Rxf6 $18) 29. Bxd7 {
Es droht Matt} 29... Kxd7 30. Rxf6 Qg8 31. Qf3 {Droht Matt} 31... Re8 32. Qf5+
32... Kd8 {Schwarz droht, mit h5 kontern} 33. Rc1 {Mit der Mattdrohung Rxd6}
33... c6 {Droht Qxd5} 34. dxc6 {Es droht Matt} 34... bxc6 {
Weiss darf Schwarz nun nicht zu Qd5 kommen lassen} 35. Rxc6 {
Mit der Mattdrohung Rfxd6} 35... Re2+ 36. Kh3 {Droht Matt: Rc8} 36... Re6 (
36... Rxh2+ {holt die Kuh nicht vom Eis} 37. Kxh2 Qxg3+ 38. Kxg3 d5 39. Qxd5+
Ke7 40. Rce6#) 37. Rxe6 Kd7 (37... Qg4+ {macht keinen grossen Unterschied} 38.
Kxg4 Kd7 39. Rcxd6+ Kc7 40. Qxh7+ Kc8 41. Re8#) 38. Rexd6+ Ke7 39. Rd7+ Ke8 40.
Rc8# 1-0

[Event "ICS Rated blitz match"]
[Site "207.99.83.227"]
[Date "1999.04.03"]
[Round "?"]
[White "Hossa"]
[Black "matar"]
[Result "0-1"]
[WhiteElo "2517"]
[BlackElo "2264"]
[Annotator "Fritz 5.32 (15s)"]
[PlyCount "88"]

1. e4 c5 2. Bc4 e6 3. Nc3 Nc6 4. Nf3 Nf6 (4... a6 5. a4 d6 6. O-O Nf6 7. d3 h6
8. Bf4 Bd7 9. Qd2 Nd4 10. Nxd4 cxd4 11. Ne2 e5 12. Bg3 Be7 13. f4 Nh5 14. fxe5
O-O 15. exd6 Bg5 16. Qe1 Nxg3 17. Qxg3 Be3+ 18. Kh1 Rc8 19. Nf4 {
Jouault,L-Mikurenda,A/open, St Heliers JER 1997/1-0 (50)}) 5. O-O 5... d5 $146
(5... a6 6. a4 d5 7. exd5 exd5 8. Be2 Bd6 9. d4 c4 10. Bg5 Be6 11. Bxc4 dxc4
12. d5 Bxd5 13. Nxd5 Bxh2+ 14. Kxh2 Qxd5 15. Re1+ Kf8 16. Bxf6 Qxd1 17. Bxg7+
Kxg7 18. Raxd1 Rad8 19. Rd2 b5 20. Rde2) (5... Be7 6. d4 cxd4 7. Nxd4 Qc7 8.
Ncb5 Qb6 9. Re1 a6 10. Nxc6 Qxc6 11. Nc3 Qxc4 12. Qf3 12... Qc6 {
0-1 Faye,Y-Potter,S/Dubai 1986 (12)} (12... Qc6 13. a3 b5 14. b4 a5 15. Rb1 Bb7
16. e5 Qxf3 17. gxf3 Nh5 18. Nxb5 O-O 19. Rb3 Rfc8 20. bxa5 Bd5 21. Rc3 Rxc3
22. Nxc3 Rxa5 23. Kg2 g6 24. Re2 Bc6 25. Nb1 g5 26. h3 Ng7 27. c3 {
Faye,Y-Potter,S/Dubai olm 1986/0-1 (45)})) 6. exd5 exd5 7. Bb5 Bd6 8. Re1+ Be6
9. Ng5 O-O 10. Bxc6 bxc6 11. Nxe6 fxe6 12. Rxe6 Qd7 13. Qe2 Rae8 14. Rxe8 Rxe8
15. Qf1 Ng4 16. h3 Nh2 17. Qd1 Nf3+ 18. Kf1 Re1+ 19. Qxe1 Nxe1 20. Kxe1 Qe7+
21. Kf1 d4 22. Ne2 c4 23. Nxd4 Qe4 24. c3 Bc5 25. Ne2 Qd3 26. f3 Qc2 27. Ke1
Qg6 28. Kf1 Qf6 29. Ng3 Qd6 30. Ne4 Qd3+ 31. Ke1 Be7 32. Kf2 Bh4+ 33. Kg1 Qe2
34. Kh2 Qe1 35. b4 Bd8 36. g4 Bc7+ 37. Kg2 Qe2+ 38. Kg1 Qxf3 39. Nc5 Qe2 (39...
Bg3 40. Bb2 Qf2+ 41. Kh1 Qh2#) 40. g5 (40. Ne4 {aendert nichts mehr} 40... Qe1+
41. Kg2 Qxe4+ 42. Kf2 Bb6+ 43. d4 cxd3+ 44. Kg3 Bc7+ 45. Kf2 Qe2+ 46. Kg1 Bh2+
47. Kh1 Bg3 48. Kg1 Qf2+ 49. Kh1 Qf1#) 40... Bg3 (40... Bh2+ 41. Kh1 Bg3 42.
Kg1 Qf2+ 43. Kh1 Qf1#) 41. Ne4 Qxe4 42. h4 (42. Ba3 {nuetzt auch nichts mehr}
42... Qe2 43. Bc1 Qf2+ 44. Kh1 Qf1#) 42... Qf3 43. Rb1 (43. a4 {
hilft auch nicht mehr} 43... Qf2+ 44. Kh1 Qf1#) 43... Qf2+ 44. Kh1 Qh2# (44...
Qf1#) 0-1

[Event "ICS rated blitz match"]
[Site "207.99.83.227"]
[Date "1999.04.03"]
[Round "?"]
[White "poodledough"]
[Black "Hossa"]
[Result "1-0"]
[WhiteElo "2859"]
[BlackElo "2491"]
[Annotator "Crafty v16.6"]
[PlyCount "110"]

{annotating for player Hossa using a scoring margin of +0.10 pawns. search
time limit is 20.00} 1. d4 1... Nf6 2. c4 g6 3. Nc3 Bg7 4. e4 d6 5. f3 O-O 6.
Be3 e5 7. d5 Na6 8. Bd3 Nb4 9. Nge2 Nxd3+ 10. Qxd3 Qe7 ({10:-0.25} 10... Qe7
11. O-O c6 12. Bg5 Re8 13. Qd2 Qf8 14. Rad1 Rd8 15. Qd3 $10) ({10:-0.14} 10...
Bd7 11. O-O Rc8 12. Bg5 a6 13. Ng3 Qe7 14. Rad1 Rcd8 15. Rfe1 $10) 11. Qd2 b6 (
{9:-0.52} 11... b6 12. O-O Ba6 13. b3 Nh5 14. Bg5 Qd7 15. Bh6 c6 16. dxc6 16...
Qxc6 $14) ({9:-0.26} 11... c6 12. dxc6 bxc6 13. O-O Be6 14. b3 Rfd8 15. Bh6 Qf8
16. Qg5 Bxh6 17. Qxf6 $10) 12. O-O Ba6 13. b3 Kh8 ({10:-0.72} 13... Kh8 14. Bh6
Bxh6 15. Qxh6 Bb7 16. Rad1 Kg8 17. Rd3 c6 18. dxc6 Bxc6 19. Rfd1 $16) ({
10:-0.48} 13... Rfc8 14. Bh6 Bxh6 15. Qxh6 c6 16. dxc6 Rxc6 17. Rad1 Rac8 18.
Nd5 Nxd5 19. Rxd5 19... Qe6 $14) 14. Bh6 Bxh6 15. Qxh6 Ng8 16. Qc1 g5 ({9:-0.77
} 16... g5 17. Qe3 f5 18. Rae1 Nh6 19. a3 fxe4 20. Nxe4 Nf7 21. N2g3 $16) ({
9:-0.51} 16... f5 17. Qe3 Qh4 18. Rae1 fxe4 19. Nxe4 Nh6 20. Qd3 Nf5 21. a3 $14
) 17. a4 Bb7 ({9:-0.81} 17... Bb7 18. Qe3 f5 19. a5 bxa5 20. Rxa5 a6 21. Raa1
Rab8 22. Rad1 fxe4 23. Nxe4 $16) ({9:-0.66} 17... Bc8 18. Ng3 f5 19. Qd1 fxe4
20. Ncxe4 Nh6 21. Qd2 Rf4 22. Rae1 $14) 18. a5 Ba6 19. Qe3 Rfb8 20. axb6 axb6
21. Ng3 Nh6 22. Ra2 Bb7 ({10:-0.86} 22... Bb7 23. Rfa1 Rxa2 24. Rxa2 Bc8 25.
Nh5 f5 26. Qd2 Kg8 27. Ra7 27... Nf7 $16) ({10:-0.73} 22... Bc8 23. Rfa1 Rxa2
24. Rxa2 f5 25. Nge2 fxe4 26. Nxe4 Nf7 27. Ra7 $16) 23. Rfa1 Rxa2 24. Rxa2 Ra8
25. Rxa8+ Bxa8 26. Kf2 Qf6 27. h3 Bb7 28. Nb5 Qe7 29. h4 gxh4 30. Qxh6 hxg3+
31. Kxg3 Kg8 32. Qh4 f6 33. Qg4+ Kf8 34. Qe6 Qd8 35. Qf5 Kg8 36. Na7 Kh8 37.
Kf2 Qe7 38. Qe6 Qd8 39. Qf7 Ba8 40. Nb5 c6 41. Nc7 Qg8 42. Qxf6+ Qg7 43. Qd8+
Qg8 44. Qxd6 Qg5 45. Qf8+ Qg8 46. Qxa8 cxd5 47. exd5 Kg7 48. Ne6+ Kf7 49. Qxg8+
Kxg8 50. d6 Kf7 51. d7 Kxe6 52. d8=Q Kf7 53. Qc7+ Kg6 54. Qxb6+ Kf7 55. c5 Kg7
1-0

[Event "ICS rated blitz match"]
[Site "207.99.83.227"]
[Date "1999.04.03"]
[Round "?"]
[White "Hossa"]
[Black "inmichess"]
[Result "1/2-1/2"]
[WhiteElo "2488"]
[BlackElo "2304"]
[PlyCount "161"]

1. e4 e5 2. Nf3 Nc6 3. Bb5 Nge7 4. O-O d6 5. d4 exd4 6. Nxd4 Bd7 7. Nf3 Nb4 8.
Nc3 Bxb5 9. Nxb5 Qd7 10. a4 a6 11. Nbd4 O-O-O 12. c3 Nbc6 13. Ng5 Qe8 14. Qf3
Ne5 15. Qh3+ Kb8 16. Nxh7 c5 17. Nb3 N7g6 18. Bg5 f6 19. f4 fxg5 20. fxe5 Qxe5
21. Qh5 Qxe4 22. Rae1 Qh4 23. Qxh4 gxh4 24. Ng5 Ne5 25. Ne6 Re8 26. Nbxc5 dxc5
27. Rxe5 Bd6 28. Re3 c4 29. Re4 Re7 30. Rd1 Bc7 31. Nc5 Rxe4 32. Nxe4 Re8 33.
Re1 Bf4 34. Re2 Bc1 35. Rc2 Be3+ 36. Nf2 b5 37. axb5 axb5 38. Re2 Kc7 39. Kf1
g6 40. g3 hxg3 41. hxg3 Kd6 42. Re1 Re6 43. Ng4 Bg5 44. Ra1 Kd5 45. Kf2 Be7 46.
Ra5 Kc5 47. Ra7 Kb6 48. Ra8 Bg5 49. Kf3 Bc1 50. Ra2 g5 51. Nf2 Kb7 52. Ra1 Bxb2
53. Rb1 Bxc3 54. Rxb5+ Kc6 55. Rxg5 Bd2 56. Rf5 c3 57. Ne4 Rxe4 58. Kxe4 c2 59.
Rf6+ Kd7 60. Rf7+ Ke6 61. Rf1 c1=Q 62. Rxc1 Bxc1 63. g4 Bg5 64. Kf3 Ke5 65. Kg3
Ke4 66. Kh3 Kd3 67. Kg3 Kd4 68. Kh3 Ke4 69. Kg3 Ke5 70. Kh3 Kd5 71. Kg3 Kd6 72.
Kh3 Kc5 73. Kg3 Kc4 74. Kh3 Kd4 75. Kg3 Ke3 76. Kh3 Kf4 77. Kg2 Ke4 78. Kh2 Kd5
79. Kh3 Kd4 80. Kg3 Kc4 81. Kh3 {Game drawn by mutual agreement} 1/2-1/2

[Event "ICS rated blitz match"]
[Site "207.99.83.227"]
[Date "1999.04.03"]
[Round "?"]
[White "inmichess"]
[Black "Hossa"]
[Result "0-1"]
[WhiteElo "2317"]
[BlackElo "2480"]
[PlyCount "92"]

1. e4 d6 2. d4 Nf6 3. f3 Nbd7 4. Bg5 e5 5. Nh3 Be7 6. Be2 exd4 7. Qxd4 O-O 8.
O-O d5 9. Nf2 c5 10. Qd3 dxe4 11. Nxe4 Nxe4 12. Bxe7 Qxe7 13. Qxe4 Qxe4 14.
fxe4 Ne5 15. Nc3 Be6 16. Nd5 Rad8 17. Rad1 Kh8 18. Nc7 Rxd1 19. Rxd1 Kg8 20.
Nxe6 fxe6 21. g3 g5 22. c3 Kf7 23. Rf1+ Ke8 24. Rxf8+ Kxf8 25. Kf2 a5 26. Ke3
Ke7 27. h4 Kf6 28. b3 g4 29. a3 b6 30. Bb5 Nf7 31. b4 Ne5 32. Kf4 h5 33. Be8
Nf7 34. e5+ Nxe5 35. Bxh5 Nc4 36. bxc5 bxc5 37. Bxg4 Nxa3 38. Be2 Nb1 39. c4
Nc3 40. Bf3 a4 41. g4 a3 42. g5+ Ke7 43. g6 a2 44. g7 Kf7 45. g8=Q+ Kxg8 46.
Bg4 46... a1=Q {inmichess resigns} 0-1